<?xml version="1.0" encoding="UTF-8"?>
<record
    xmlns:xsi="http://www.w3.org/2001/XMLSchema-instance"
    xsi:schemaLocation="http://www.loc.gov/MARC21/slim http://www.loc.gov/standards/marcxml/schema/MARC21slim.xsd"
    xmlns="http://www.loc.gov/MARC21/slim">

  <leader>00313nam a22001337a 4500</leader>
  <controlfield tag="008">241130b        |||||||| |||| 00| 0 eng d</controlfield>
  <datafield tag="022" ind1=" " ind2=" ">
    <subfield code="a">07385580</subfield>
  </datafield>
  <datafield tag="041" ind1=" " ind2=" ">
    <subfield code="a">Eng</subfield>
  </datafield>
  <datafield tag="245" ind1=" " ind2=" ">
    <subfield code="a">Fortune</subfield>
  </datafield>
  <datafield tag="260" ind1=" " ind2=" ">
    <subfield code="a">Singapore</subfield>
    <subfield code="b">Fortune Media IP Limited</subfield>
    <subfield code="c">2024</subfield>
  </datafield>
  <datafield tag="300" ind1=" " ind2=" ">
    <subfield code="a">64;. P.</subfield>
  </datafield>
  <datafield tag="856" ind1=" " ind2=" ">
    <subfield code="u">www.fortune.com</subfield>
  </datafield>
  <datafield tag="942" ind1=" " ind2=" ">
    <subfield code="c">SR</subfield>
    <subfield code="s">1</subfield>
  </datafield>
  <datafield tag="999" ind1=" " ind2=" ">
    <subfield code="c">43157</subfield>
    <subfield code="d">43157</subfield>
  </datafield>
  <datafield tag="952" ind1=" " ind2=" ">
    <subfield code="0">0</subfield>
    <subfield code="1">0</subfield>
    <subfield code="2">ddc</subfield>
    <subfield code="4">0</subfield>
    <subfield code="7">0</subfield>
    <subfield code="a">IMTN</subfield>
    <subfield code="b">IMTN</subfield>
    <subfield code="d">2024-12-11</subfield>
    <subfield code="e">2024-12-11</subfield>
    <subfield code="h">Vol. 188, No. 3</subfield>
    <subfield code="l">0</subfield>
    <subfield code="p">P303</subfield>
    <subfield code="r">2025-05-08 00:00:00</subfield>
    <subfield code="w">2024-12-01</subfield>
    <subfield code="y">SR</subfield>
  </datafield>
  <datafield tag="952" ind1=" " ind2=" ">
    <subfield code="0">0</subfield>
    <subfield code="1">0</subfield>
    <subfield code="2">ddc</subfield>
    <subfield code="4">0</subfield>
    <subfield code="7">0</subfield>
    <subfield code="a">IMTN</subfield>
    <subfield code="b">IMTN</subfield>
    <subfield code="d">2024-04-23</subfield>
    <subfield code="e">2024-04-23</subfield>
    <subfield code="h">Vol. 189, No. 2</subfield>
    <subfield code="l">0</subfield>
    <subfield code="p">P304</subfield>
    <subfield code="r">2025-05-08 00:00:00</subfield>
    <subfield code="w">2024-04-01</subfield>
    <subfield code="y">SR</subfield>
  </datafield>
  <datafield tag="952" ind1=" " ind2=" ">
    <subfield code="0">0</subfield>
    <subfield code="1">0</subfield>
    <subfield code="2">ddc</subfield>
    <subfield code="4">0</subfield>
    <subfield code="7">0</subfield>
    <subfield code="a">IMTN</subfield>
    <subfield code="b">IMTN</subfield>
    <subfield code="d">2024-06-30</subfield>
    <subfield code="e">2024-06-30</subfield>
    <subfield code="h">Vol. 189, No. 3</subfield>
    <subfield code="l">0</subfield>
    <subfield code="p">P305</subfield>
    <subfield code="r">2025-05-08 00:00:00</subfield>
    <subfield code="w">2024-06-01</subfield>
    <subfield code="y">SR</subfield>
  </datafield>
  <datafield tag="952" ind1=" " ind2=" ">
    <subfield code="0">0</subfield>
    <subfield code="1">0</subfield>
    <subfield code="2">ddc</subfield>
    <subfield code="4">0</subfield>
    <subfield code="7">0</subfield>
    <subfield code="a">IMTN</subfield>
    <subfield code="b">IMTN</subfield>
    <subfield code="d">2024-08-20</subfield>
    <subfield code="e">2024-08-20</subfield>
    <subfield code="h">Vol. 190, No. 1</subfield>
    <subfield code="l">0</subfield>
    <subfield code="p">P306</subfield>
    <subfield code="r">2025-05-08 00:00:00</subfield>
    <subfield code="w">2024-08-01</subfield>
    <subfield code="y">SR</subfield>
  </datafield>
  <datafield tag="952" ind1=" " ind2=" ">
    <subfield code="0">0</subfield>
    <subfield code="1">0</subfield>
    <subfield code="2">ddc</subfield>
    <subfield code="4">0</subfield>
    <subfield code="7">0</subfield>
    <subfield code="a">IMTN</subfield>
    <subfield code="b">IMTN</subfield>
    <subfield code="d">2024-10-14</subfield>
    <subfield code="e">2024-10-14</subfield>
    <subfield code="h">Vol. 190, No. 2</subfield>
    <subfield code="l">0</subfield>
    <subfield code="p">P307</subfield>
    <subfield code="r">2025-05-08 00:00:00</subfield>
    <subfield code="w">2024-10-01</subfield>
    <subfield code="y">SR</subfield>
  </datafield>
  <datafield tag="952" ind1=" " ind2=" ">
    <subfield code="0">0</subfield>
    <subfield code="1">0</subfield>
    <subfield code="2">ddc</subfield>
    <subfield code="4">0</subfield>
    <subfield code="7">0</subfield>
    <subfield code="a">IMTN</subfield>
    <subfield code="b">IMTN</subfield>
    <subfield code="d">2024-12-10</subfield>
    <subfield code="e">2024-12-10</subfield>
    <subfield code="h">Vol. 190, No. 3</subfield>
    <subfield code="l">0</subfield>
    <subfield code="p">P308</subfield>
    <subfield code="r">2025-05-08 00:00:00</subfield>
    <subfield code="w">2024-12-01</subfield>
    <subfield code="y">SR</subfield>
  </datafield>
  <datafield tag="952" ind1=" " ind2=" ">
    <subfield code="0">0</subfield>
    <subfield code="1">0</subfield>
    <subfield code="2">ddc</subfield>
    <subfield code="4">0</subfield>
    <subfield code="7">0</subfield>
    <subfield code="a">IMTN</subfield>
    <subfield code="b">IMTN</subfield>
    <subfield code="d">2025-02-24</subfield>
    <subfield code="e">2025-02-24</subfield>
    <subfield code="h">Vol. 191, No. 1</subfield>
    <subfield code="l">0</subfield>
    <subfield code="p">P309</subfield>
    <subfield code="r">2025-05-08 00:00:00</subfield>
    <subfield code="w">2025-02-01</subfield>
    <subfield code="y">SR</subfield>
  </datafield>
  <datafield tag="952" ind1=" " ind2=" ">
    <subfield code="0">0</subfield>
    <subfield code="1">0</subfield>
    <subfield code="2">ddc</subfield>
    <subfield code="4">0</subfield>
    <subfield code="7">0</subfield>
    <subfield code="a">IMTN</subfield>
    <subfield code="b">IMTN</subfield>
    <subfield code="d">2025-05-07</subfield>
    <subfield code="e">2025-05-07</subfield>
    <subfield code="h">Vol. 191, No. 2</subfield>
    <subfield code="l">0</subfield>
    <subfield code="p">P310</subfield>
    <subfield code="r">2025-05-08 00:00:00</subfield>
    <subfield code="w">2025-04-01</subfield>
    <subfield code="y">SR</subfield>
  </datafield>
  <datafield tag="952" ind1=" " ind2=" ">
    <subfield code="0">0</subfield>
    <subfield code="1">0</subfield>
    <subfield code="2">ddc</subfield>
    <subfield code="4">0</subfield>
    <subfield code="7">0</subfield>
    <subfield code="a">IMTN</subfield>
    <subfield code="b">IMTN</subfield>
    <subfield code="d">2025-06-26</subfield>
    <subfield code="e">2025-06-26</subfield>
    <subfield code="h">Vol. 191, No. 3</subfield>
    <subfield code="l">0</subfield>
    <subfield code="p">P700</subfield>
    <subfield code="r">2025-06-26 00:00:00</subfield>
    <subfield code="w">2025-06-01</subfield>
    <subfield code="y">SR</subfield>
  </datafield>
  <datafield tag="952" ind1=" " ind2=" ">
    <subfield code="0">0</subfield>
    <subfield code="1">0</subfield>
    <subfield code="2">ddc</subfield>
    <subfield code="4">0</subfield>
    <subfield code="7">0</subfield>
    <subfield code="a">IMTN</subfield>
    <subfield code="b">IMTN</subfield>
    <subfield code="d">2025-09-15</subfield>
    <subfield code="e">2025-09-01</subfield>
    <subfield code="h">Vol. 4 No. 7</subfield>
    <subfield code="l">0</subfield>
    <subfield code="p">P852</subfield>
    <subfield code="r">2025-09-15 00:00:00</subfield>
    <subfield code="w">2025-09-15</subfield>
    <subfield code="y">SR</subfield>
  </datafield>
  <datafield tag="952" ind1=" " ind2=" ">
    <subfield code="0">0</subfield>
    <subfield code="1">0</subfield>
    <subfield code="2">ddc</subfield>
    <subfield code="4">0</subfield>
    <subfield code="7">0</subfield>
    <subfield code="a">IMTN</subfield>
    <subfield code="b">IMTN</subfield>
    <subfield code="d">2025-10-15</subfield>
    <subfield code="e">2025-10-15</subfield>
    <subfield code="h">Vol. 4, No. 8</subfield>
    <subfield code="l">0</subfield>
    <subfield code="p">P958</subfield>
    <subfield code="r">2025-10-15 00:00:00</subfield>
    <subfield code="w">2025-10-15</subfield>
    <subfield code="y">SR</subfield>
  </datafield>
  <datafield tag="952" ind1=" " ind2=" ">
    <subfield code="0">0</subfield>
    <subfield code="1">0</subfield>
    <subfield code="2">ddc</subfield>
    <subfield code="4">0</subfield>
    <subfield code="7">0</subfield>
    <subfield code="a">IMTN</subfield>
    <subfield code="b">IMTN</subfield>
    <subfield code="d">2025-10-31</subfield>
    <subfield code="h">Vol. 192, No. 2</subfield>
    <subfield code="l">0</subfield>
    <subfield code="p">P978</subfield>
    <subfield code="r">2025-10-31 10:30:54</subfield>
    <subfield code="w">2025-10-31</subfield>
    <subfield code="y">SR</subfield>
  </datafield>
  <datafield tag="952" ind1=" " ind2=" ">
    <subfield code="0">0</subfield>
    <subfield code="1">0</subfield>
    <subfield code="2">ddc</subfield>
    <subfield code="4">0</subfield>
    <subfield code="7">0</subfield>
    <subfield code="a">IMTN</subfield>
    <subfield code="b">IMTN</subfield>
    <subfield code="d">2025-11-17</subfield>
    <subfield code="h">Vol. 4, No. 9</subfield>
    <subfield code="l">0</subfield>
    <subfield code="p">P1016</subfield>
    <subfield code="r">2025-11-17 12:25:41</subfield>
    <subfield code="w">2025-11-17</subfield>
    <subfield code="y">SR</subfield>
  </datafield>
  <datafield tag="952" ind1=" " ind2=" ">
    <subfield code="0">0</subfield>
    <subfield code="1">0</subfield>
    <subfield code="2">ddc</subfield>
    <subfield code="4">0</subfield>
    <subfield code="7">0</subfield>
    <subfield code="a">IMTN</subfield>
    <subfield code="b">IMTN</subfield>
    <subfield code="d">2025-12-16</subfield>
    <subfield code="h">Vol. 4, No. 10</subfield>
    <subfield code="l">0</subfield>
    <subfield code="p">P1095</subfield>
    <subfield code="r">2025-12-16 19:48:28</subfield>
    <subfield code="w">2025-12-16</subfield>
    <subfield code="y">SR</subfield>
  </datafield>
  <datafield tag="952" ind1=" " ind2=" ">
    <subfield code="0">0</subfield>
    <subfield code="1">0</subfield>
    <subfield code="2">ddc</subfield>
    <subfield code="4">0</subfield>
    <subfield code="7">0</subfield>
    <subfield code="a">IMTN</subfield>
    <subfield code="b">IMTN</subfield>
    <subfield code="d">2025-12-17</subfield>
    <subfield code="h">Vol. 192, No. 3</subfield>
    <subfield code="l">0</subfield>
    <subfield code="p">P1097</subfield>
    <subfield code="r">2025-12-17 11:43:56</subfield>
    <subfield code="w">2025-12-17</subfield>
    <subfield code="y">SR</subfield>
  </datafield>
  <datafield tag="952" ind1=" " ind2=" ">
    <subfield code="0">0</subfield>
    <subfield code="1">0</subfield>
    <subfield code="2">ddc</subfield>
    <subfield code="4">0</subfield>
    <subfield code="7">0</subfield>
    <subfield code="a">IMTN</subfield>
    <subfield code="b">IMTN</subfield>
    <subfield code="d">2026-01-14</subfield>
    <subfield code="h">Vol. 4, No. 11</subfield>
    <subfield code="l">0</subfield>
    <subfield code="p">P1147</subfield>
    <subfield code="r">2026-01-14 16:38:51</subfield>
    <subfield code="w">2026-01-14</subfield>
    <subfield code="y">SR</subfield>
  </datafield>
  <datafield tag="952" ind1=" " ind2=" ">
    <subfield code="0">0</subfield>
    <subfield code="1">0</subfield>
    <subfield code="2">ddc</subfield>
    <subfield code="4">0</subfield>
    <subfield code="7">0</subfield>
    <subfield code="a">IMTN</subfield>
    <subfield code="b">IMTN</subfield>
    <subfield code="d">2026-05-13</subfield>
    <subfield code="h">Vol. 5, No. 3</subfield>
    <subfield code="l">0</subfield>
    <subfield code="p">P1370</subfield>
    <subfield code="r">2026-05-13 05:36:12</subfield>
    <subfield code="w">2026-05-13</subfield>
    <subfield code="y">SR</subfield>
  </datafield>
</record>
